[Event "C.P.A. Zevio 2019"]
[Site "?"]
[Date "2019.01.26"]
[Round "2.7"]
[White "Magnabosco, Mauro Denis"]
[Black "Modena, Giorgio"]
[Result "0-1"]
[WhiteElo "1692"]
[BlackElo "1887"]
[PlyCount "124"]
[EventDate "2019.??.??"]

1. c4 c6 2. Nf3 Nf6 3. e3 d5 4. Nc3 g6 5. Qc2 Bg7 6. d4 b6 7. cxd5 cxd5 8. Bd3
O-O 9. O-O Bd7 10. Ne5 Nc6 11. Nxd7 Qxd7 12. a3 Rac8 13. Qa4 Rfd8 14. Bd2 Na5
15. Qd1 Nc4 16. Bxc4 dxc4 17. Qf3 h5 18. Ne4 Nxe4 19. Qxe4 e5 20. Bc3 exd4 21.
exd4 Qd5 22. Qc2 Bxd4 23. Rad1 Qc5 24. Bb4 Qc7 25. Qc1 a5 26. Be1 Bg7 27. Bd2
Rd7 28. Be3 Rcd8 29. Rxd7 Rxd7 30. a4 Rd3 31. Qc2 Rb3 32. Rc1 Rxb2 33. Qxc4
Qxc4 34. Rxc4 Rb1+ 35. Rc1 Rb4 36. Kf1 b5 37. Rc8+ Kh7 38. axb5 Rxb5 39. Ra8
Bc3 40. Ke2 Rb7 41. Kd3 Bb4 42. Kc4 f6 43. h4 Kg7 44. Ra6 Rc7+ 45. Kb5 Rd7 46.
g3 Bd2 47. Ra7 Rxa7 48. Bxa7 g5 49. Kc4 Kg6 50. Kd3 Be1 51. Ke2 Bb4 52. Bd4 a4
53. Kd3 a3 54. Kc4 Be7 55. Be3 Kf5 56. Kb3 gxh4 57. gxh4 Kg4 58. Ka2 Kxh4 59.
Bf4 Kg4 60. Bc7 h4 61. Bb8 Kf3 62. Ba7 h3 0-1

[Event "C.P.A. Zevio 2019"]
[Site "?"]
[Date "2019.01.26"]
[Round "2.8"]
[White "Negro, Raffaele"]
[Black "Casarotto, Michele"]
[Result "1-0"]
[WhiteElo "1842"]
[BlackElo "1657"]
[PlyCount "77"]
[EventDate "2019.??.??"]

1. d4 d5 2. Bf4 Nf6 3. e3 e6 4. Nd2 c5 5. c3 Nc6 6. Ngf3 cxd4 7. exd4 Bd6 8.
Bg3 Qc7 9. Bxd6 Qxd6 10. Bb5 O-O 11. O-O a6 12. Bxc6 Qxc6 13. Ne5 Qd6 14. f4
Nd7 15. Qh5 Nf6 16. Qe2 Nd7 17. Rf3 f6 18. Nd3 Rf7 19. Rh3 Nf8 20. Re3 Bd7 21.
a4 Ng6 22. g3 Re7 23. Nc5 Rb8 24. Re1 e5 25. Nxd7 Qxd7 26. dxe5 fxe5 27. fxe5
Qxa4 28. Nf3 Rbe8 29. Nd4 Nf8 30. Qf3 Qd7 31. Qe2 Ne6 32. Nf5 Ng5 33. Nxe7+
Qxe7 34. Rd1 Qc5 35. Kh1 b5 36. Qd3 Rd8 37. e6 Qe7 38. Re5 Ne4 39. Rxe4 1-0

[Event "C.P.A. Zevio 2019"]
[Site "?"]
[Date "2019.01.26"]
[Round "2.9"]
[White "Pieropan, Giorgio"]
[Black "Fiscato, Claudio"]
[Result "1-0"]
[WhiteElo "1786"]
[BlackElo "1642"]
[PlyCount "71"]
[EventDate "2019.??.??"]

1. d4 Nf6 2. Nf3 e6 3. e3 d5 4. Bd3 Bd6 5. Nbd2 O-O 6. b3 c5 7. c3 Nc6 8. Bb2
b6 9. O-O Bb7 10. dxc5 Bxc5 11. Qe2 Re8 12. Ba6 Bxa6 13. Qxa6 Qc8 14. Qa4 Be7
15. Rac1 Qb7 16. Qf4 Qb8 17. Qxb8 Raxb8 18. c4 Nb4 19. Ne5 Rbc8 20. a3 Na6 21.
b4 dxc4 22. Ndxc4 Red8 23. Rfd1 Nb8 24. Rxd8+ Bxd8 25. Nxf7 Be7 26. Ng5 Re8 27.
Nxe6 Bxb4 28. Nxg7 Kxg7 29. axb4 Rc8 30. g4 b5 31. Ne5 Rxc1+ 32. Bxc1 Na6 33.
Bd2 Nd5 34. Nc6 Kf6 35. Nxa7 Naxb4 36. e4 1-0

[Event "C.P.A. Zevio 2019"]
[Site "?"]
[Date "2019.01.26"]
[Round "2.10"]
[White "Conati, Kevin"]
[Black "Bonini, Roberto"]
[Result "1-0"]
[WhiteElo "1649"]
[BlackElo "1785"]
[PlyCount "125"]
[EventDate "2019.??.??"]

1. e4 c5 2. Nf3 d6 3. d4 cxd4 4. Nxd4 Nf6 5. Nc3 a6 6. Be2 e6 7. Be3 Be7 8. O-O
O-O 9. f4 Qc7 10. Bf3 Nc6 11. Qe2 Bd7 12. Rfe1 Nxd4 13. Bxd4 Ne8 14. Rad1 Rc8
15. Rd2 b5 16. a3 Qc4 17. Qxc4 Rxc4 18. Be2 Rc7 19. Red1 Bc6 20. e5 d5 21. Bg4
g6 22. Bf3 b4 23. axb4 Bxb4 24. Rd3 Ng7 25. Na2 Be7 26. g4 Bb5 27. Rc3 Rfc8 28.
Rxc7 Rxc7 29. Nc3 h5 30. h3 Rc4 31. Nxb5 axb5 32. c3 b4 33. Be2 Rc8 34. Ra1
hxg4 35. hxg4 bxc3 36. Bxc3 Bc5+ 37. Kg2 Be3 38. Kf3 d4 39. Be1 g5 40. fxg5
Bxg5 41. Bf2 Rd8 42. Rd1 f5 43. Rxd4 Rxd4 44. Bxd4 Be7 45. Bc4 fxg4+ 46. Kxg4
Kf7 47. Bd3 Ke8 48. Bc3 Bc5 49. b4 Bb6 50. Kg5 Ke7 51. b5 Ne8 52. Bb4+ Kd7 53.
Be4 Nc7 54. Bc6+ Kc8 55. Kf6 Nd5+ 56. Bxd5 exd5 57. e6 d4 58. e7 Bd8 59.
exd8=Q+ Kxd8 60. Ke6 Kc7 61. Ba5+ Kb7 62. Kd5 d3 63. Kc5 1-0

[Event "C.P.A. Zevio 2019"]
[Site "?"]
[Date "2019.01.26"]
[Round "2.11"]
[White "Rossero, Tullio"]
[Black "Bonavigo, Claudio"]
[Result "0-1"]
[WhiteElo "1721"]
[BlackElo "1730"]
[PlyCount "92"]
[EventDate "2019.??.??"]

1. d4 d5 2. Nf3 Nf6 3. g3 c6 4. Bg2 e6 5. O-O Be7 6. Re1 O-O 7. Nbd2 c5 8. c3
b6 9. e4 dxe4 10. Nxe4 Nxe4 11. Rxe4 Bb7 12. Re1 Nd7 13. Qe2 cxd4 14. Nxd4 Bxg2
15. Kxg2 Bf6 16. Be3 Qc7 17. Kg1 a6 18. Rac1 Rfe8 19. Nf3 b5 20. Red1 Nb6 21.
Bg5 Bxg5 22. Nxg5 h6 23. Nf3 Rad8 24. Nd2 Rd5 25. Nf3 Red8 26. Rxd5 Rxd5 27.
Rd1 Qd6 28. Rd4 Rxd4 29. Nxd4 g6 30. b3 Kg7 31. f4 Nd7 32. Qd3 Qb6 33. Qe3 Qd6
34. Qd3 Qc7 35. Qe3 h5 36. Qxe6 Nf6 37. Qe3 Ng4 38. Qe1 Qc5 39. h3 Nf6 40. Qe3
Qa3 41. f5 Qd6 42. fxg6 fxg6 43. c4 bxc4 44. bxc4 Kh7 45. Qf4 Qe7 46. c5 Nd5
0-1

[Event "C.P.A. Zevio 2019"]
[Site "?"]
[Date "2019.01.26"]
[Round "2.12"]
[White "Biasiolo, Michele"]
[Black "Pisani, Valerio"]
[Result "0-1"]
[WhiteElo "1570"]
[BlackElo "1713"]
[PlyCount "112"]
[EventDate "2019.??.??"]

1. e4 e5 2. Nf3 Nc6 3. Bc4 Nf6 4. d3 Be7 5. O-O d6 6. h3 h6 7. c3 O-O 8. Bb3
Na5 9. Bc2 c5 10. Nbd2 Nc6 11. Re1 Qc7 12. Nf1 Be6 13. Bd2 Rad8 14. c4 a6 15.
Ne3 b5 16. b3 Nh7 17. Nd5 Bxd5 18. exd5 Nd4 19. Nxd4 exd4 20. f4 Bh4 21. Rf1
Rde8 22. Qg4 Qe7 23. g3 Qe2 24. gxh4 Qxd2 25. Rf2 Re1+ 26. Rxe1 Qxe1+ 27. Kg2
Nf6 28. Qe2 Re8 29. Qxe1 Rxe1 30. a4 bxa4 31. bxa4 a5 32. Kh2 Re3 33. Kg2 Nh5
34. f5 Ng3 35. Kg1 Kf8 36. f6 g6 37. Kg2 Nf5 38. h5 Nh4+ 39. Kh2 gxh5 40. Bb1
Kg8 41. Rf4 Ng6 42. Re4 Rxe4 43. dxe4 Ne5 44. Kg3 Nxc4 45. Kf2 Ne5 46. Ke2 Kh7
47. Bc2 Kg6 48. Bd1 Kxf6 49. Kf2 Kg5 50. Kg3 c4 51. h4+ Kg6 52. Kf2 c3 53. Ke2
f5 54. Bc2 f4 55. Ke1 d3 56. Bd1 c2 0-1

[Event "C.P.A. Zevio 2019"]
[Site "?"]
[Date "2019.01.26"]
[Round "2.13"]
[White "Leone, Cataldo"]
[Black "Fusa, Nicola"]
[Result "0-1"]
[WhiteElo "1551"]
[BlackElo "1634"]
[PlyCount "112"]
[EventDate "2019.??.??"]

1. e4 c5 2. c3 d5 3. exd5 Qxd5 4. d4 e5 5. dxe5 Qxe5+ 6. Qe2 Nc6 7. Nf3 Qxe2+
8. Bxe2 Be7 9. O-O Nf6 10. Re1 O-O 11. Bg5 Bg4 12. Nbd2 a6 13. Rad1 Rad8 14. h3
Bf5 15. Nb3 Be6 16. Bxf6 gxf6 17. Rxd8 Rxd8 18. Rd1 Rxd1+ 19. Bxd1 Ne5 20. Nxe5
fxe5 21. Kf1 f5 22. Ke2 Bd5 23. f3 b6 24. Bc2 Be6 25. Nd2 h5 26. Bb3 Kf7 27.
Bxe6+ Kxe6 28. c4 Bg5 29. b3 Bxd2 30. Kxd2 h4 31. Ke3 Kf6 32. Kd3 Kg5 33. Ke3
Kf6 34. Kd3 Ke6 35. Ke3 b5 36. Kd3 b4 37. Ke3 Kf6 38. Kd3 Kg5 39. Ke3 a5 40.
Kf2 Kf4 41. Kg1 Kg3 42. Kf1 e4 43. fxe4 fxe4 44. Ke2 Kxg2 45. Ke3 Kxh3 46. Kxe4
Kg3 47. Kd5 h3 48. Kxc5 h2 49. Kb6 h1=Q 50. Kxa5 Qb7 51. c5 Kf4 52. c6 Qxc6 53.
Kxb4 Ke4 54. a4 Kd4 55. a5 Qb7+ 56. Ka4 Kc5 0-1

[Event "C.P.A. Zevio 2019"]
[Site "?"]
[Date "2019.01.26"]
[Round "2.14"]
[White "Tencheni, Maurizio"]
[Black "Vujicic, Luigi"]
[Result "1/2-1/2"]
[WhiteElo "1635"]
[BlackElo "1326"]
[PlyCount "91"]
[EventDate "2019.??.??"]

1. c4 e5 2. e3 Nc6 3. b3 g6 4. Bb2 Bg7 5. a3 d6 6. d3 f5 7. g3 Nce7 8. Bg2 c6
9. Nf3 Qc7 10. Qc2 Nh6 11. Nbd2 O-O 12. O-O Bd7 13. b4 Nf7 14. Rac1 Rac8 15.
Qb3 Be6 16. Bc3 Qb8 17. Qb2 d5 18. Rfe1 c5 19. bxc5 dxc4 20. d4 e4 21. Ne5 Nxe5
22. dxe5 Rxc5 23. Qb4 b6 24. Bd4 Nc6 25. Qc3 Bxe5 26. Bf1 b5 27. Rb1 Qd8 28.
Nb3 Rd5 29. Red1 Nxd4 30. Nxd4 Bxd4 31. Rxd4 Rxd4 32. exd4 a6 33. a4 Qb6 34.
axb5 axb5 35. Bxc4 Bxc4 36. Qxc4+ bxc4 37. Rxb6 Rd8 38. Rc6 Rxd4 39. Kf1 Kg7
40. Ke2 Kh6 41. h3 Kh5 42. Rc7 h6 43. Rc5 Kg5 44. Rc6 f4 45. Rc5+ Kf6 46. gxf4
1/2-1/2

[Event "C.P.A. Zevio 2019"]
[Site "?"]
[Date "2019.01.26"]
[Round "2.15"]
[White "Benedetti, Maurizio"]
[Black "Pompele, Andrea"]
[Result "1-0"]
[WhiteElo "1617"]
[BlackElo "1519"]
[PlyCount "91"]
[EventDate "2019.??.??"]

1. e4 e5 2. Nf3 Nc6 3. Bb5 Nf6 4. d3 d6 5. c3 a6 6. Ba4 b5 7. Bc2 Be7 8. O-O
Bg4 9. Re1 O-O 10. Nbd2 h6 11. Nf1 Nh7 12. h3 Be6 13. d4 exd4 14. cxd4 Bd7 15.
Ng3 Ng5 16. Nxg5 Bxg5 17. e5 Bxc1 18. Rxc1 dxe5 19. Be4 Qf6 20. dxe5 Nxe5 21.
Bxa8 Rxa8 22. Qd5 Re8 23. Rxe5 Rxe5 24. Qxd7 Re7 25. Qd8+ Kh7 26. Qd3+ Kg8 27.
Qc3 a5 28. Qxf6 gxf6 29. Kf1 Kh7 30. Rc5 Rd7 31. Rxb5 Rd1+ 32. Ke2 Rb1 33. Ne4
Kg6 34. Nc3 Rc1 35. Kf3 Rc2 36. Na4 Rc4 37. Rxa5 f5 38. Nc3 Rb4 39. Rb5 Rd4 40.
a4 c6 41. Rb6 Rc4 42. a5 Kg5 43. a6 Rc5 44. Rb4 Re5 45. a7 Re8 46. Rb8 1-0

[Event "C.P.A. Zevio 2019"]
[Site "?"]
[Date "2019.01.26"]
[Round "2.16"]
[White "Gemma, Stefano"]
[Black "Faccia, Augusto"]
[Result "1-0"]
[WhiteElo "1566"]
[BlackElo "1440"]
[PlyCount "65"]
[EventDate "2019.??.??"]

1. e4 d6 2. Bc4 g6 3. d4 Bg7 4. c3 Nf6 5. Bd3 O-O 6. Nf3 Bg4 7. Bg5 Nbd7 8. h3
Bxf3 9. Qxf3 c6 10. Qe3 Re8 11. Bh6 Bh8 12. Nd2 e5 13. O-O Qb6 14. Nc4 exd4 15.
Nxb6 dxe3 16. Nxa8 exf2+ 17. Rxf2 Rxa8 18. Raf1 Bg7 19. Bg5 Ne5 20. Bxf6 Nxd3
21. Rd2 Nc5 22. Bxg7 Kxg7 23. Rxd6 Nxe4 24. Rd7 Rf8 25. Rxb7 a5 26. Ra7 Nd2 27.
Rf4 g5 28. Rd4 Nb1 29. Rd1 Nxc3 30. bxc3 Re8 31. Rdd7 Rf8 32. Rxa5 Kf6 33. Rd6+
1-0

[Event "C.P.A. Zevio 2019"]
[Site "?"]
[Date "2019.01.26"]
[Round "2.17"]
[White "Gasparini, Marco"]
[Black "Avanzini, Angelo"]
[Result "0-1"]
[WhiteElo "1416"]
[BlackElo "1546"]
[PlyCount "110"]
[EventDate "2019.??.??"]

1. e4 c5 2. Nf3 Nc6 3. Nc3 d6 4. Bc4 e6 5. d3 Nf6 6. Bg5 g6 7. Qd2 Bg7 8. h3 a6
9. a4 Nd4 10. Nxd4 cxd4 11. Ne2 h6 12. Bh4 e5 13. f4 Bd7 14. Bd5 Qb6 15. O-O
O-O 16. Bxf6 Bxf6 17. fxe5 Bg5 18. Qe1 dxe5 19. Qg3 Rae8 20. h4 Be3+ 21. Kh1
Be6 22. Rf6 Kg7 23. Raf1 Qc7 24. c3 Bxd5 25. exd5 Bf4 26. Nxf4 exf4 27. R6xf4
Re3 28. R1f3 Rxf3 29. Qxf3 dxc3 30. bxc3 Qxc3 31. d6 Qe1+ 32. Kh2 Qe6 33. Qg3
Rd8 34. Rd4 Rd7 35. Qf4 f6 36. Qe4 Kf7 37. h5 Qe5+ 38. Qxe5 fxe5 39. hxg6+ Kxg6
40. Rd5 Kf6 41. d4 exd4 42. Rxd4 Ke5 43. Rb4 Kd5 44. Kg3 Kc5 45. Rb1 b5 46.
axb5 axb5 47. Rc1+ Kxd6 48. Rd1+ Kc6 49. Rxd7 Kxd7 50. Kf3 Kd6 51. g4 Kc5 52.
Ke3 Kc4 53. Kd2 Kb3 54. Kd3 b4 55. Kd2 Ka2 0-1

[Event "C.P.A. Zevio 2019"]
[Site "?"]
[Date "2019.01.26"]
[Round "2.18"]
[White "Trigili, Franco"]
[Black "Zonta, Riccardo"]
[Result "1/2-1/2"]
[WhiteElo "1473"]
[BlackElo "1542"]
[PlyCount "92"]
[EventDate "2019.??.??"]

1. Nf3 b6 2. d4 Bb7 3. e3 e6 4. c4 Bb4+ 5. Bd2 Bxd2+ 6. Nbxd2 Nf6 7. Bd3 O-O 8.
e4 d6 9. h4 Nbd7 10. h5 h6 11. b4 c5 12. bxc5 bxc5 13. d5 exd5 14. cxd5 Re8 15.
Kf1 Ne5 16. Nxe5 Rxe5 17. f4 Re7 18. g4 Nxd5 19. exd5 Bxd5 20. Rh2 Qd7 21. g5
Rae8 22. Qc2 Qg4 23. gxh6 Qxf4+ 24. Rf2 Qxh6 25. Bb5 Rb8 26. Be2 Qg5 27. Rh2
Qe5 28. Rb1 Rxb1+ 29. Qxb1 Rb7 30. Qd3 Qxh2 31. Qxd5 Qh3+ 32. Ke1 Qd7 33. Kf2
Rb8 34. Qg5 Qe6 35. Bf3 Re8 36. Kg3 Qxa2 37. h6 Qb2 38. h7+ Kxh7 39. Qh5+ Kg8
40. Ne4 Qe5+ 41. Qxe5 Rxe5 42. Nxd6 a5 43. Nc4 Re7 44. Nxa5 $11 Rc7 45. Nc4 Kf8
46. Kf4 Ke7 1/2-1/2

[Event "C.P.A. Zevio 2019"]
[Site "?"]
[Date "2019.01.26"]
[Round "2.19"]
[White "Venturini, Valter"]
[Black "Antolini, Aldo"]
[Result "0-1"]
[WhiteElo "1249"]
[BlackElo "1541"]
[PlyCount "110"]
[EventDate "2019.??.??"]

1. b3 e5 2. Bb2 Nc6 3. c4 Nf6 4. e3 d5 5. cxd5 Nxd5 6. a3 Bd6 7. Qc2 O-O 8. d3
Be6 9. Nd2 Qd7 10. Ngf3 Rac8 11. Be2 h6 12. O-O Nce7 13. Rac1 Ng6 14. Qb1 Qe7
15. Kh1 Bxa3 16. Bxa3 Qxa3 17. Nc4 Qb4 18. Qb2 f6 19. Ne1 Rfd8 20. Bh5 Bf7 21.
Bg4 Rb8 22. g3 c6 23. e4 Nc7 24. Nc2 Qe7 25. Rcd1 Nb5 26. N2e3 Nd4 27. Nf5 Qb4
28. h4 Qxb3 29. Nxd4 Qxb2 30. Nxb2 Rxd4 31. h5 Nf8 32. Nc4 Rbd8 33. Be2 Ne6 34.
Ne3 Rb4 35. Nc4 Nd4 36. Bg4 Bxc4 37. dxc4 Rxc4 38. Rd2 Rc3 39. Rfd1 c5 40. Kg2
Kf8 41. f4 Ke7 42. fxe5 fxe5 43. Bf5 b6 44. Bg4 Rc2 45. Rxc2 Nxc2 46. Rxd8 Kxd8
47. Be2 Ke7 48. Kh3 a5 49. Kg4 Kf6 50. Bb5 Nd4 51. Bc4 b5 52. Ba2 b4 53. Kh3 a4
54. Kg2 b3 55. Bb1 a3 0-1

[Event "C.P.A. Zevio 2019"]
[Site "?"]
[Date "2019.01.26"]
[Round "2.20"]
[White "Gallo, Fausto"]
[Black "Nuzzo, Michele"]
[Result "0-1"]
[WhiteElo "1529"]
[BlackElo "1346"]
[PlyCount "68"]
[EventDate "2019.??.??"]

1. d4 d5 2. c4 e6 3. Nc3 Nf6 4. Bg5 Bb4 5. a3 Bxc3+ 6. bxc3 Nc6 7. Nf3 b6 8.
cxd5 exd5 9. e3 h6 10. Bh4 Qd6 11. Bg3 Qe7 12. Bb5 Bd7 13. Qa4 Nb8 14. Bxc7
Bxb5 15. Qxb5+ Qd7 16. Qxd7+ Nbxd7 17. Be5 Ne4 18. Rc1 Rc8 19. O-O Nxe5 20.
Nxe5 O-O 21. c4 Nd2 22. Rfd1 Nxc4 23. Nxc4 Rxc4 24. Kf1 Rfc8 25. Rxc4 Rxc4 26.
Ke2 Kf8 27. Kd3 Ke7 28. e4 Kd6 29. Rb1 Ra4 30. Rb3 dxe4+ 31. Kxe4 Ke6 32. g4 g6
33. Rf3 Ra5 34. Kd3 Rxa3+ 0-1

[Event "C.P.A. Zevio 2019"]
[Site "?"]
[Date "2019.01.26"]
[Round "3.1"]
[White "Fusa, Nicola"]
[Black "Vincenzi, Marco"]
[Result "0-1"]
[WhiteElo "1634"]
[BlackElo "2069"]
[PlyCount "84"]
[EventDate "2019.??.??"]

1. e4 e5 2. Nf3 Nc6 3. Bb5 a6 4. Ba4 Nf6 5. O-O Be7 6. d3 b5 7. Bb3 d6 8. c3
O-O 9. Bg5 h6 10. Bh4 Nh7 11. Bxe7 Qxe7 12. Bd5 Bb7 13. Na3 Nd8 14. Bxb7 Nxb7
15. Qe2 Nc5 16. b3 Ne6 17. Nc2 Nf4 18. Qd2 Ng5 19. Nfe1 f5 20. exf5 Rxf5 21.
Ne3 Rf7 22. f3 Raf8 23. c4 Nge6 24. Rc1 Nd4 25. Rf2 Qg5 26. Kh1 b4 27. N1c2 c5
28. Nd5 Nxd3 29. Rcf1 Nxf2+ 30. Rxf2 Qxd2 31. Rxd2 a5 32. Nce3 Rb7 33. Rb2 a4
34. bxa4 Ra8 35. Nc3 bxc3 36. Rxb7 c2 37. Nxc2 Nxc2 38. Rd7 Rxa4 39. Rxd6 Rxa2
40. Kg1 Ne3 41. g3 Rg2+ 42. Kh1 Rf2 0-1

[Event "C.P.A. Zevio 2019"]
[Site "?"]
[Date "2019.01.26"]
[Round "3.2"]
[White "Bertani, Gianfranco"]
[Black "Conati, Kevin"]
[Result "1-0"]
[WhiteElo "1961"]
[BlackElo "1649"]
[PlyCount "47"]
[EventDate "2019.??.??"]

1. d4 Nf6 2. Bf4 e6 3. e3 d5 4. Bd3 c5 5. c3 Nc6 6. Nf3 Bd7 7. Nbd2 Rc8 8. h3
a6 9. O-O b5 10. Qe2 c4 11. Bc2 b4 12. Bg5 Be7 13. e4 O-O 14. e5 Ne8 15. Bxe7
Qxe7 16. h4 Nc7 17. Bxh7+ Kxh7 18. Ng5+ Kh6 19. Qe3 Kg6 20. Nxc4 dxc4 21. Qe4+
f5 22. exf6+ Kxf6 23. Qf4+ Kg6 24. Qe4+ 1-0

[Event "C.P.A. Zevio 2019"]
[Site "?"]
[Date "2019.01.26"]
[Round "3.3"]
[White "Fratton, Zeno"]
[Black "Zanchetta, Nicola"]
[Result "1/2-1/2"]
[WhiteElo "2052"]
[BlackElo "2018"]
[PlyCount "209"]

1. c4 b6 2. Nc3 Bb7 3. e4 c5 4. Nge2 Nf6 5. d3 Nc6 6. g3 g6 7. Bg2 Bg7 8. O-O
h5 9. e5 Ng4 10. f4 Nh6 11. d4 cxd4 12. Nxd4 Qc8 13. Nd5 Nxd4 14. Qxd4 Nf5 15.
Qe4 Qc5+ 16. Be3 Bxd5 17. Bxc5 Bxe4 18. Bxe4 Rc8 19. Bf2 Rxc4 20. Rac1 Rxc1 21.
Rxc1 Kd8 22. Rc4 d6 23. Ra4 dxe5 24. fxe5 Bxe5 25. Bxf5 gxf5 26. Rxa7 Rh6 27.
b3 f4 28. Kg2 fxg3 29. hxg3 Bc7 30. Ra8+ Kd7 31. Rg8 Rg6 32. Rh8 Rg5 33. Kh3
Rf5 34. Kg2 b5 35. Ra8 b4 36. a3 bxa3 37. Rxa3 Bd6 38. Ra4 Rb5 39. Rh4 Ke6 40.
Be1 Rxb3 41. Rxh5 f5 42. Bf2 Kf6 43. Rh8 Ke5 44. Rh5 Ke4 45. Rh4+ f4 46. gxf4
Bxf4 47. Rh3 Rb2 48. Ra3 e5 49. Ra4+ Kf5 50. Kf3 Rb3+ 51. Ke2 Kg4 52. Ra2 Rh3
53. Ra4 Rb3 54. Bc5 Rb2+ 55. Kd3 Kf3 56. Kc3 Rg2 57. Ra3 e4 58. Kc4+ e3 59.
Bxe3 Bxe3 60. Rb3 Ke4 61. Rb4 Bd4 62. Rb1 Rc2+ 63. Kb5 Kd5 64. Rb4 Rc3 65. Rb1
Rc8 66. Ka4 Rc3 67. Kb4 Rg3 68. Rb3 Bc5+ 69. Ka4 Rg4+ 70. Ka5 Kc6 71. Rb5 Rg3
72. Ka6 Ra3+ 73. Ra5 Re3 74. Rb5 Re7 75. Rb6+ Kd5 76. Rb8 Kc4 77. Ra8 Rc7 78.
Ka5 Rb7 79. Ka6 Rb6+ 80. Ka5 Rb3 81. Ka6 Kd5 82. Rd8+ Bd6 83. Rc8 Be5 84. Ka5
Rb1 85. Rc2 Bd6 86. Ka4 Bc5 87. Rd2+ Kc6 88. Rc2 Rb8 89. Rc4 Kd5 90. Rc2 Rb4+
91. Ka5 Kc6 92. Ra2 Rb3 93. Ka4 Rb5 94. Rc2 Rb4+ 95. Ka5 Rb3 96. Ra2 Rc3 97.
Ka4 Kb6 98. Rb2+ Ka6 99. Ra2 Bd6 100. Ra1 Kb6 101. Rb1+ Kc6 102. Rb6+ Kc5 103.
Rb5+ Kd4 104. Rb3 Rxb3 105. Kxb3 1/2-1/2

[Event "C.P.A. Zevio 2019"]
[Site "?"]
[Date "2019.01.26"]
[Round "3.4"]
[White "Vujicic, Luigi"]
[Black "Malni, Riccardo"]
[Result "0-1"]
[WhiteElo "1326"]
[BlackElo "1957"]
[PlyCount "32"]
[EventDate "2019.??.??"]

1. e4 c6 2. d4 d5 3. e5 Bf5 4. Nf3 e6 5. Be2 Nd7 6. Bf4 c5 7. c3 Ne7 8. Nh4 Bg6
9. Bg5 Qb6 10. Qd2 Nc6 11. Be3 cxd4 12. cxd4 Bxb1 13. a3 Bg6 14. Nxg6 hxg6 15.
h3 Be7 16. Rb1 Bxa3 0-1

[Event "C.P.A. Zevio 2019"]
[Site "?"]
[Date "2019.01.26"]
[Round "3.5"]
[White "Marin, Alessandro"]
[Black "Benedetti, Maurizio"]
[Result "0-1"]
[WhiteElo "1978"]
[BlackElo "1617"]
[PlyCount "152"]
[EventDate "2019.??.??"]

1. e4 c5 2. Nf3 d6 3. d4 cxd4 4. Qxd4 Nc6 5. Qe3 Nf6 6. h3 g6 7. Be2 Bg7 8. O-O
O-O 9. Rd1 Qc7 10. c4 Na5 11. Qd3 Be6 12. Nfd2 Rac8 13. Na3 Nd7 14. f4 Nb6 15.
Rb1 Naxc4 16. Naxc4 Nxc4 17. Nf3 Nb6 18. b3 Qc2 19. Rd2 Qxd3 20. Bxd3 Rc7 21.
Bb2 Rfc8 22. Bxg7 Kxg7 23. Nd4 Rc1+ 24. Rxc1 Rxc1+ 25. Kf2 Bd7 26. Bc2 Ra1 27.
Bd1 Rc1 28. Nc2 a5 29. Ne3 a4 30. bxa4 Bxa4 31. Be2 Nd7 32. Nd5 Nc5 33. Kf3 Bc6
34. Bd3 Nxd3 35. Rxd3 Bxd5 36. Rxd5 Rc3+ 37. Kg4 Rc2 38. Rb5 Rxg2+ 39. Kf3 Rxa2
40. Rxb7 Kf6 41. e5+ dxe5 42. fxe5+ Kxe5 43. Rxe7+ Kf6 44. Rb7 Ra5 45. Rc7 Rf5+
46. Kg3 Kg5 47. Rb7 h5 48. Ra7 h4+ 49. Kg2 f6 50. Rb7 Rd5 51. Rb2 f5 52. Ra2 f4
53. Rb2 Kf5 54. Ra2 Ke4 55. Re2+ Kf5 56. Re8 Re5 57. Rf8+ Ke4 58. Kf2 Rg5 59.
Re8+ Re5 60. Rf8 g5 61. Rd8 Rd5 62. Re8+ Kd3 63. Kf3 Kd2 64. Kf2 Rd3 65. Re5
Rg3 66. Rd5+ Kc3 67. Ra5 Kb4 68. Rd5 Kc4 69. Ra5 Kd4 70. Rb5 Ke4 71. Ra5 f3 72.
Ra4+ Kf5 73. Ra8 Rxh3 74. Rf8+ Kg4 75. Ra8 Rh2+ 76. Kg1 Kg3 0-1

[Event "C.P.A. Zevio 2019"]
[Site "?"]
[Date "2019.01.26"]
[Round "3.6"]
[White "Casarotto, Michele"]
[Black "De Santis, Alessio"]
[Result "0-1"]
[WhiteElo "1657"]
[BlackElo "2283"]
[PlyCount "64"]
[EventDate "2019.??.??"]

1. e4 c5 2. Nf3 e6 3. c3 Qa5 4. Be2 Nf6 5. d3 d5 6. exd5 exd5 7. O-O Bd6 8. Re1
O-O 9. Bg5 Nbd7 10. Nbd2 Qc7 11. Nf1 h6 12. Bh4 Nh5 13. N3d2 Nf4 14. Bg3 Nf6
15. Rc1 Bf5 16. Bxf4 Bxf4 17. g3 Bd6 18. b4 cxb4 19. cxb4 Qb6 20. Ne3 Bg6 21.
a3 a5 22. Rb1 axb4 23. axb4 Ra2 24. Ndf1 Rfa8 25. Qb3 R8a3 26. Nxd5 Rxb3 27.
Nxb6 Rxb1 28. Rxb1 Rxe2 29. Nc4 Bxd3 30. Rd1 Bxc4 31. Rxd6 Re1 32. Kg2 Bxf1+
0-1

[Event "C.P.A. Zevio 2019"]
[Site "?"]
[Date "2019.01.26"]
[Round "3.7"]
[White "Fiscato, Claudio"]
[Black "Faccia, Sergio"]
[Result "0-1"]
[WhiteElo "1642"]
[BlackElo "1977"]
[PlyCount "75"]
[EventDate "2019.??.??"]

1. e4 e5 2. Nf3 Nc6 3. Bb5 a6 4. Ba4 Nf6 5. d3 b5 6. Bb3 Bc5 7. c3 O-O 8. O-O
d5 9. Qe2 dxe4 10. dxe4 h6 11. h3 Bb7 12. Bc2 Re8 13. b4 Bb6 14. a4 bxa4 15.
Bxa4 Re6 16. g4 g5 17. Nbd2 Na7 18. Bb3 Re7 19. Bb2 Nb5 20. Rfd1 Qf8 21. Bc2
Nd6 22. c4 Bd4 23. Nxd4 exd4 24. Bxd4 Nfxe4 25. Qd3 f5 26. c5 Nb5 27. Qc4+ Qf7
28. Qxf7+ Kxf7 29. Bb2 Nec3 30. Re1 Rae8 31. Rxe7+ Rxe7 32. Bxf5 Re2 33. Bxc3
Nxc3 34. Nc4 Nd5 35. Kf1 Nf4 36. Rd1 Bg2+ 37. Kg1 Bf3 38. Ra1 {(43) il resto
della partita è incomprensibile} 0-1

[Event "C.P.A. Zevio 2019"]
[Site "?"]
[Date "2019.01.26"]
[Round "3.8"]
[White "Bortolazzi, Michele"]
[Black "Magnabosco, Mauro Denis"]
[Result "0-1"]
[WhiteElo "1921"]
[BlackElo "1692"]
[PlyCount "64"]
[EventDate "2019.??.??"]

1. e4 c5 2. Nf3 e6 3. c4 Nc6 4. Nc3 a6 5. d4 cxd4 6. Nxd4 Bc5 7. Nb3 Ba7 8. Be2
Qf6 9. O-O Nd4 10. Kh1 Nxe2 11. Qxe2 Qd8 12. f4 Ne7 13. f5 Nc6 14. Qg4 Rg8 15.
Qh5 Qe7 16. Bg5 Qf8 17. fxe6 dxe6 18. Rad1 h6 19. Bh4 g5 20. Nd5 exd5 21. exd5
gxh4 22. Rde1+ Ne7 23. d6 Rg5 24. Qe2 Be6 25. Rf6 Qg7 26. Rxe6 fxe6 27. Qxe6
Rd8 28. Na5 Rg6 29. Qe4 Rdxd6 30. Qxb7 Rd7 31. Qa8+ Kf7 32. Nb7 Qd4 0-1

[Event "C.P.A. Zevio 2019"]
[Site "?"]
[Date "2019.01.26"]
[Round "3.9"]
[White "Modena, Giorgio"]
[Black "Tencheni, Maurizio"]
[Result "1-0"]
[WhiteElo "1887"]
[BlackElo "1635"]
[PlyCount "69"]
[EventDate "2019.??.??"]

1. e4 b6 2. d4 Bb7 3. Bd3 Nc6 4. c3 e5 5. Ne2 exd4 6. Nxd4 Nxd4 7. cxd4 Nf6 8.
O-O Be7 9. Nc3 O-O 10. Be3 Re8 11. Rc1 d6 12. Bb1 a6 13. Re1 Rc8 14. a3 Qd7 15.
f3 h6 16. Qc2 Bf8 17. Bf2 g6 18. Rcd1 Bg7 19. Ba2 d5 20. e5 Nh7 21. b4 b5 22.
Be3 Nf8 23. Qd2 Kh7 24. Bb1 Rcd8 25. Ne2 Bc8 26. f4 Qc6 27. Rc1 Qb6 28. Ng3 Kg8
29. f5 gxf5 30. Bxf5 Bxf5 31. Nxf5 Re6 32. Rc3 Nh7 33. Rec1 Rd7 34. Qc2 f6 35.
Rxc7 1-0

[Event "C.P.A. Zevio 2019"]
[Site "?"]
[Date "2019.01.26"]
[Round "3.10"]
[White "Avanzini, Angelo"]
[Black "Negro, Raffaele"]
[Result "0-1"]
[WhiteElo "1546"]
[BlackElo "1842"]
[PlyCount "148"]
[EventDate "2019.??.??"]

1. e4 e6 2. d4 d5 3. exd5 exd5 4. Nc3 Nf6 5. Bg5 Be7 6. Nf3 O-O 7. Be2 Nc6 8.
O-O h6 9. Bf4 Bf5 10. a3 a6 11. h3 Bd6 12. Bxd6 Qxd6 13. Nh2 Rfe8 14. Ng4 Ne4
15. Nxe4 Bxe4 16. c3 Re7 17. Bd3 Rae8 18. Ne3 Qg6 19. Bxe4 dxe4 20. Qg4 Qxg4
21. Nxg4 f5 22. Ne3 g6 23. Rfe1 Kf7 24. Re2 f4 25. Nd5 f3 26. gxf3 exf3 27.
Rxe7+ Nxe7 28. Ne3 h5 29. Nc4 Nd5 30. Ne5+ Kg7 31. Nxf3 Re2 32. Rb1 Nf4 33. Kh2
Rxf2+ 34. Kg3 Nd3 35. Rd1 Nxb2 36. Rd2 Rxd2 37. Nxd2 Nd3 38. Kf3 g5 39. Ne4 Kg6
40. c4 b6 41. Nc3 Nb2 42. c5 bxc5 43. dxc5 Nc4 44. Nd5 Ne5+ 45. Ke4 Nd7 46.
Nxc7 Nxc5+ 47. Kd5 g4 48. hxg4 h4 49. Kxc5 h3 50. Nd5 h2 51. Nc7 h1=Q 52. Nxa6
Qg1+ 53. Kc6 Qxg4 54. Nc5 Qc8+ 55. Kb6 Qb8+ 56. Ka5 Qa7+ 57. Kb4 Qb6+ 58. Kc4
Qa5 59. a4 Kf6 60. Kd5 Ke7 61. Kc6 Qb4 62. Kd5 Kd8 63. Kc6 Kc8 64. Kd6 Qb6+ 65.
Kd5 Kc7 66. Ne6+ Kb8 67. Nc5 Ka8 68. Kc4 Ka7 69. Kd5 Qd8+ 70. Kc6 Qd4 71. Kb5
Qd5 72. a5 Qd6 73. a6 Qd5 74. Kb4 Kb6 0-1